Quel pays d'Europe ? - Statistiques

Statistiques générales
  • Ce quiz a été pris 106 fois
  • Le résultat moyen est 14 sur 16
Statistiques - réponses
Question Réponse % Correct
Quel pays compte les régions dites Toscane et Abruzzes ? Italie
97%
Quel pays compte dans ses rangs les villes de Graz et Innsbruck ? Autriche
95%
De quel pays est originaire la patisserie nommée Pasteis de Nata ? Portugal
95%
Dans quel pays trouve t-on le Mont Cervin, montagne emblème de la marque de chocolat Toblerone ? Suisse
94%
Dans quel pays bordé par la mer Noire y trouve t'on les villes de Kharkiv et Marioupol ? Ukraine
92%
Quel pays d'a peine 500 km² de superificie est frontalier avec la France et l'Espagne, se trouvant au sud de l'Ariège ? Andorre
91%
Dans quel pays trouve t-on la ville (et station balnéaire) de Dubrovnik, au large des cotes bosniaques ? Croatie
91%
Dans quel pays trouve t'on les villes de Trèves et Constance ? Allemagne
90%
Quel pays a pour capitale Bratislava ? Slovaquie
90%
Quel pays dirigé par Alexandre Loukachenko depuis 1994 est la "dernière dictature d'Europe" ? Biélorussie
89%
Quel pays situé au bord de la mer balte est connu pour avoir l'une des plus vieilles universités d'Europe, située a Tartu ? Estonie
86%
De quel pays le plat appelé gulasch est-il originaire ? Hongrie
86%
Quel pays a accueilli la coupe du monde 1958, atteignant d'ailleurs la finale a domicile ? Suède
82%
De quel pays le footballeur Yussuf Poulsen defend-il les couleurs ? Danemark
77%
Dans quel pays se trouve le musée Guggenheim ? Espagne
77%
De quel pays est issu le groupe de musique KALEO, auteur du tube iconique Way Down We Go ? Islande
63%
Aucun quiz correspondant
Distribution des résultats
% des personnes avec chaque résultat
Percentile par nombre de réponses
Votre historique - résultats
Vous n’avez pas pris ce quiz